000 00767nam a22001937a 4500
999 _c12426
_d12426
003 AR-CdUCM
008 190320b ||||| |||| 00| 0 spa d
040 _aMUNICIPALIDAD PROVINCIAL DEL CUSCO
_cBIBLIOTECA MUNICIPAL DEL CUSCO
082 _aEP / 895.1 /
_bP99
110 _aEdiciones en lenguas extranjeras.
_916044
245 _aEl puñal mágico :
_bCuentos populares chicos /
260 _aBeijing :
_bEdiciones en Lenguas Extranjeras,
_c1982.
300 _a106 paginas
_c20 cm.
505 _aContenido: El domador de leones -- Traje de piel del rey de los tigres -- Las colinas inmortales -- El huérfano Yanran -- La placa del dragón ...
650 _aChina
_9843
650 _aColección de cuentos
_9987
942 _2ddc
_cLIBROS
945 _arum
_d2019-04-08